000
00323nam a2200145Ia 4500
005
20251222152721.0
008
251222s9999||||xx |||||||||||||| ||spa||
020
_a
8589391035
082
_a
370.1/C74
100
_a
Cogo, Luisa
245
0
_a
Uma Copanhia que Educa
250
_a
1ra. ed.
264
_b
AVSI
942
_c
LIB
999
_c
29604
_d
29604